000
00320nam a22001457a 4500
008
211011b ||||| |||| 00| 0 eng d
020
_a
9780201741728
041
_a
eng
080
_a
004
082
_a
004
100
_a
21
101
_a
SHKI
245
_a
The Web Wizard's Guide to HTML
_c
Lehnert,W
942
_2
udc
_c
BK
999
_c
58132
_d
58132